[Event "Julius Baer Rapid Div 3 W"]
[Site "chess.com INT"]
[Date "2023.08.30"]
[Round "1.1"]
[White "Kovalenko, Igor"]
[Black "Bok, Benjamin"]
[Result "0-1"]
[WhiteTitle "GM"]
[BlackTitle "GM"]
[WhiteElo "2674"]
[BlackElo "2621"]
[WhiteFideId "14117908"]
[BlackFideId "1017063"]
[EventDate "2023.08.30"]
[EventType "k.o."]

1. e4 e5 2. Nf3 Nc6 3. Bb5 Nf6 4. d3 Bc5 5. Nc3 d6 6. Bg5 h6 7. Bh4 g5 8. Bg3
Bd7 9. h4 g4 10. Nd2 Nh5 11. Nb3 Bb4 12. Bxc6 bxc6 13. d4 Qf6 14. a3 Nxg3 15.
fxg3 exd4 16. Qxd4 Qxd4 17. Nxd4 Bxc3+ 18. bxc3 O-O 19. O-O Rae8 20. Rae1 Re5
21. Nb3 Rfe8 22. Nd2 f5 23. Kf2 fxe4 24. Ke3 Ra5 25. Ra1 Kg7 26. Rfb1 Rc5 27. c4
Be6 28. Rb3 Re7 29. Rc3 Rf5 30. Rf1 Rxf1 31. Nxf1 Kf6 32. Nd2 Ke5 33. Nxe4 d5
34. cxd5 cxd5 35. Rc5 Bf5 36. Nc3 Kd6+ 37. Kd4 c6 38. Ra5 Bxc2 39. Ra6 Re1 40.
Nb5+ Kd7 41. Rxa7+ Ke6 42. Nc3 Kd6 43. Ra6 Bb3 44. Nb5+ Kd7 45. Ra7+ Ke6 46.
Nc7+ Kd6 47. Na6 Bc4 48. Nb8 c5+ 49. Kc3 Re3+ 50. Kd2 Rxg3 51. Rd7+ Ke6 52. Rh7
d4 53. Rxh6+ Kd5 54. Rh5+ Ke4 55. Nd7 Rxg2+ 56. Kc1 d3 57. Nxc5+ Kd4 58. Nxd3
Bxd3 0-1

[Event "Julius Baer Rapid Div 3 W"]
[Site "chess.com INT"]
[Date "2023.08.30"]
[Round "1.1"]
[White "Meier, Georg"]
[Black "Bacrot, Etienne"]
[Result "1/2-1/2"]
[WhiteTitle "GM"]
[BlackTitle "GM"]
[WhiteElo "2628"]
[BlackElo "2660"]
[WhiteFideId "4675789"]
[BlackFideId "605506"]
[EventDate "2023.08.30"]
[EventType "k.o."]

1. Nf3 d5 2. g3 c5 3. Bg2 Nf6 4. O-O Nc6 5. d4 cxd4 6. Nxd4 e5 7. Nxc6 bxc6 8.
c4 Be6 9. Qa4 Qd7 10. Nc3 Rc8 11. cxd5 cxd5 12. Qxd7+ Kxd7 13. Rd1 Bc5 14. Nxd5
Nxd5 15. Bxd5 Bxd5 16. Rxd5+ Ke6 17. Rd3 Rhd8 18. Bd2 Rxd3 19. exd3 Rd8 20. Kf1
Rxd3 21. Ke2 Rd7 22. f3 Bd4 23. Rb1 f5 24. b3 Kd5 25. Rc1 e4 26. Rc4 exf3+ 27.
Kxf3 Re7 28. h4 g6 29. Rc8 Bb6 30. a4 Rd7 31. a5 Bg1 32. b4 Ke6 33. Ke2 Bd4 34.
Bf4 Rb7 35. Rc4 Be5 36. Kd3 Rd7+ 37. Ke3 Bxf4+ 38. Kxf4 Rd3 39. a6 Rb3 40. g4
fxg4 41. Kxg4 Kd5 42. Rc5+ Kd6 43. Rb5 Ra3 44. Rb7 Rxa6 45. Rxh7 Rb6 46. Rxa7
Rxb4+ 47. Kg5 Ke6 48. Rg7 Ra4 49. Rb7 Rc4 50. Rh7 Ra4 51. Kxg6 Rg4+ 52. Kh5 Rg1
53. Ra7 Kf6 54. Kh6 Rh1 55. h5 Rh2 56. Ra5 Kf7 57. Kh7 Rf2 58. h6 Rf6 59. Ra8
Re6 60. Ra7+ Kf8 61. Rg7 Rf6 62. Rg1 Kf7 63. Rh1 Kf8 64. Kh8 Kf7 65. h7 Kf8 66.
Rg1 Kf7 67. Rg7+ Kf8 68. Ra7 Rf5 69. Rb7 Rf6 70. Rb1 Rf5 71. Rb7 Rf6 72. Rb1 Rf5
73. Rb7 1/2-1/2

[Event "Julius Baer Rapid Div 3 W"]
[Site "chess.com INT"]
[Date "2023.08.30"]
[Round "1.1"]
[White "Daneshvar, Bardiya"]
[Black "Vokhidov, Shamsiddin"]
[Result "1/2-1/2"]
[WhiteTitle "GM"]
[BlackTitle "GM"]
[WhiteElo "2581"]
[BlackElo "2578"]
[WhiteFideId "12576468"]
[BlackFideId "14204223"]
[EventDate "2023.08.30"]
[EventType "k.o."]

1. Nf3 Nf6 2. c4 e6 3. g3 d5 4. Bg2 Be7 5. O-O O-O 6. b3 c5 7. cxd5 Nxd5 8. Bb2
Nc6 9. d4 cxd4 10. Nxd4 Bd7 11. Na3 Nxd4 12. Qxd4 Bf6 13. Qd2 Bc6 14. Nc4 Ne7
15. Bxf6 Qxd2 16. Nxd2 gxf6 17. Rac1 Rfd8 18. Rfd1 Rac8 19. Nc4 Bxg2 20. Kxg2
Nd5 21. Na5 b6 22. Nc6 1/2-1/2

[Event "Julius Baer Rapid Div 3 W"]
[Site "chess.com INT"]
[Date "2023.08.30"]
[Round "1.1"]
[White "Bortnyk, Olexandr"]
[Black "Mamedyarov, Shakhriyar"]
[Result "0-1"]
[WhiteTitle "GM"]
[BlackTitle "GM"]
[WhiteElo "2608"]
[BlackElo "2734"]
[WhiteFideId "14120828"]
[BlackFideId "13401319"]
[EventDate "2023.08.30"]
[EventType "k.o."]

1. e4 e5 2. Bc4 Nf6 3. d3 Bc5 4. Nc3 Nc6 5. Bg5 h6 6. Bh4 Be7 7. Nge2 d6 8. Bg3
Na5 9. O-O Nxc4 10. dxc4 Nh5 11. f4 exf4 12. Nxf4 Nxg3 13. hxg3 c6 14. Kh2 h5
15. Qf3 Bg4 16. Qe3 Qb6 17. Qxb6 axb6 18. Nd3 Bf6 19. e5 Bxe5 20. Rae1 f6 21.
Ne4 O-O-O 22. a4 Kc7 23. b4 Ra8 24. c5 Rxa4 25. cxd6+ Bxd6 26. Nxd6 Kxd6 27. Rf4
Kd7 28. Rd4+ Kc8 29. Re7 g5 30. Rf7 Rd8 31. Re4 Ra2 32. Ree7 Rd7 33. Re8+ Kc7
34. Rxf6 Rxc2 35. Ne5 Re2 36. Rff8 Rg7 37. b5 Bd7 38. Nxd7 Rxe8 39. Rxe8 Kxd7
40. Re5 Kd6 41. Rf5 c5 42. g4 hxg4 43. Kg3 c4 44. Kxg4 c3 0-1

[Event "Julius Baer Rapid Div 3 W"]
[Site "chess.com INT"]
[Date "2023.08.30"]
[Round "1.1"]
[White "Makarian, Rudik"]
[Black "Andreikin, Dmitry"]
[Result "1-0"]
[WhiteTitle "IM"]
[BlackTitle "GM"]
[WhiteElo "2548"]
[BlackElo "2729"]
[WhiteFideId "44105681"]
[BlackFideId "4158814"]
[EventDate "2023.08.30"]
[EventType "k.o."]

1. d4 d5 2. c4 c6 3. Nf3 Nf6 4. Nc3 a6 5. g3 b5 6. b3 Bf5 7. Bg2 Ne4 8. Nxe4
Bxe4 9. O-O Nd7 10. a4 e6 11. Bg5 f6 12. Bf4 Bb4 13. Bh3 bxc4 14. bxc4 Qe7 15.
c5 e5 16. dxe5 Nxe5 17. Nd4 Bxc5 18. Ne6 Ba7 19. Bxe5 fxe5 20. Rc1 d4 21. e3
dxe3 22. Qh5+ Bg6 23. Qxe5 exf2+ 24. Kg2 Qf6 25. Qe2 Kf7 26. Rc4 Kg8 27. Nc7 Rf8
28. Rf4 Qd6 29. Be6+ Bf7 30. Rd1 Qxc7 31. Bxf7+ Qxf7 32. Rxf7 Rxf7 33. Rd8+ Rf8
34. Qe6# 1-0

[Event "Julius Baer Rapid Div 3 W"]
[Site "chess.com INT"]
[Date "2023.08.30"]
[Round "1.1"]
[White "Hakobyan, Aram"]
[Black "Aradhya, Garg"]
[Result "1/2-1/2"]
[WhiteTitle "GM"]
[BlackTitle "FM"]
[WhiteElo "2617"]
[BlackElo "2344"]
[WhiteFideId "13306677"]
[BlackFideId "25006746"]
[EventDate "2023.08.30"]
[EventType "k.o."]

1. e4 e5 2. Nf3 Nc6 3. Bc4 Nf6 4. d3 h6 5. c3 Bc5 6. O-O d6 7. Nbd2 O-O 8. a4 a5
9. Re1 Ne7 10. Nf1 Ng6 11. Ng3 c6 12. Bb3 d5 13. exd5 Nxd5 14. d4 exd4 15. Nxd4
Re8 16. Rxe8+ Qxe8 17. Bxd5 cxd5 18. Be3 Bd7 19. b3 Rc8 20. Qd2 Qe5 21. Re1 Qf6
22. Nf3 Bxe3 23. Rxe3 Be6 24. Nd4 Bd7 25. h3 Re8 26. Rxe8+ Bxe8 27. Ndf5 Bd7 28.
Qd4 Qxd4 29. Nxd4 Nf4 30. Kf1 g6 31. Nge2 Nd3 32. Ng1 Nc5 33. Ke1 Kg7 34. f3 g5
35. Nge2 h5 36. Kd2 g4 37. h4 gxf3 38. gxf3 Ne6 39. Ke3 Kg6 40. Nxe6 fxe6 41.
Nf4+ Kf5 42. Nxh5 e5 43. Ng3+ Kf6 44. f4 b5 45. axb5 Bxb5 46. fxe5+ Kxe5 47. Ne2
a4 48. bxa4 Bxa4 49. Nd4 Be8 50. Kf3 Bh5+ 51. Ke3 Be8 52. Ne2 Kf5 53. Nf4 Kg4
54. h5 Kg5 55. Ne6+ Kf6 56. Nf4 Kg5 57. Ne6+ Kh6 58. Kd4 Bxh5 59. Kxd5 Be2 60.
Nf4 Ba6 61. Ne6 Bf1 62. Ke5 Kg6 63. Nc7 Kf7 64. Kd6 Kf6 65. Nd5+ Kf5 66. Ne3+
Ke4 67. Nd5 Kd3 68. Kc5 Ke4 69. Nb4 Be2 70. Nc6 Bf1 71. Nd4 Bd3 72. Nb3 Be2 73.
Nc1 Ba6 74. Na2 Kd3 75. Kb4 Kc2 76. Kc5 Kb3 77. Nb4 Kxc3 1/2-1/2

[Event "Julius Baer Rapid Div 3 W"]
[Site "chess.com INT"]
[Date "2023.08.30"]
[Round "1.1"]
[White "Gledura, Benjamin"]
[Black "Salinas Herrera, Pablo"]
[Result "1/2-1/2"]
[WhiteTitle "GM"]
[BlackTitle "GM"]
[WhiteElo "2633"]
[BlackElo "2460"]
[WhiteFideId "712779"]
[BlackFideId "3407128"]
[EventDate "2023.08.30"]
[EventType "k.o."]

1. Nf3 d5 2. g3 Bg4 3. Bg2 e6 4. O-O Nf6 5. h3 Bh5 6. d3 Be7 7. c4 c6 8. Qb3 Qb6
9. Be3 Qa6 10. cxd5 Bxf3 11. Bxf3 cxd5 12. Nc3 Nc6 13. Nb5 Rc8 14. Rfc1 O-O 15.
Nd4 Nd7 16. Nxc6 bxc6 17. Bd4 Rb8 18. Qc2 Rfc8 19. b3 Ba3 20. Rd1 Bd6 21. Qb2
Ba3 22. Qd2 h6 23. Rab1 Bd6 24. Qb2 Bf8 25. Qa1 Qb7 26. Bc3 Qb6 27. b4 c5 28. b5
a6 29. a4 axb5 30. Rxb5 Qa6 31. Rdb1 Rxb5 32. Rxb5 Ra8 33. Ra5 Qb7 34. Rxa8 Qxa8
35. a5 Nb8 36. e4 d4 37. Bd2 Qa6 38. Be2 Nc6 39. h4 Be7 40. h5 Bd8 41. Qa4 Kf8
42. Qa3 Be7 43. Qb3 Bd8 44. Qa3 Be7 45. Qb3 Bd8 46. Qa3 1/2-1/2

[Event "Julius Baer Rapid Div 3 W"]
[Site "chess.com INT"]
[Date "2023.08.30"]
[Round "1.1"]
[White "Kramnik, Vladimir"]
[Black "Ivic, Velimir"]
[Result "1-0"]
[WhiteTitle "GM"]
[BlackTitle "GM"]
[WhiteElo "2753"]
[BlackElo "2561"]
[WhiteFideId "4101588"]
[BlackFideId "950122"]
[EventDate "2023.08.30"]
[EventType "k.o."]

1. Nf3 d5 2. g3 g6 3. Bg2 Bg7 4. d4 Nf6 5. O-O O-O 6. a4 a5 7. b3 b6 8. c4 e6 9.
Ba3 Re8 10. Nc3 Bb7 11. Rc1 Na6 12. e3 dxc4 13. bxc4 c5 14. Nb5 Nb4 15. dxc5 Nd3
16. Nd6 Nxc1 17. Qxc1 Qc7 18. Nxb7 Qxb7 19. Nd4 Qa6 20. Nb5 Rac8 21. c6 e5 22.
c7 e4 23. Bh3 h5 24. Rd1 Ng4 25. Bxg4 hxg4 26. Nd6 Bf6 27. Bb2 1-0

[Event "Julius Baer Rapid Div 3 W"]
[Site "chess.com INT"]
[Date "2023.08.30"]
[Round "1.1"]
[White "Pichot, Alan"]
[Black "Ter-Sahakyan, Samvel"]
[Result "1-0"]
[WhiteTitle "GM"]
[BlackTitle "GM"]
[WhiteElo "2648"]
[BlackElo "2614"]
[WhiteFideId "110973"]
[BlackFideId "13302531"]
[EventDate "2023.08.30"]
[EventType "k.o."]

1. e4 c5 2. Nf3 d6 3. Bd3 Nf6 4. O-O g6 5. Re1 Bg7 6. Bb5+ Nbd7 7. c3 a6 8. Bf1
Ne5 9. d4 Nxf3+ 10. Qxf3 Nd7 11. d5 b5 12. a4 b4 13. a5 Rb8 14. Nd2 O-O 15. Qg3
Qc7 16. Nc4 bxc3 17. bxc3 Rb3 18. Bd2 Ne5 19. Nb6 Rb2 20. Bf4 f5 21. Nc4 Nxc4
22. Bxc4 fxe4 23. Rxe4 Bf5 24. Re3 Rfb8 25. h4 Rb1+ 26. Rxb1 Rxb1+ 27. Kh2 h6
28. Bd3 Bxd3 29. Rxd3 Kh7 30. Qg4 Rb8 31. Rg3 1-0

[Event "Julius Baer Rapid Div 3 W"]
[Site "chess.com INT"]
[Date "2023.08.30"]
[Round "1.1"]
[White "Sevian, Samuel"]
[Black "Sargsyan, Shant"]
[Result "1/2-1/2"]
[WhiteTitle "GM"]
[BlackTitle "GM"]
[WhiteElo "2698"]
[BlackElo "2631"]
[WhiteFideId "2040506"]
[BlackFideId "13306766"]
[EventDate "2023.08.30"]
[EventType "k.o."]

1. c4 Nf6 2. Nc3 e5 3. Nf3 Nc6 4. a3 d5 5. cxd5 Nxd5 6. Qc2 Be6 7. e3 Be7 8. Bb5
Nxc3 9. Qxc3 O-O 10. Nxe5 Nxe5 11. Qxe5 Bf6 12. Qc5 b6 13. Qc2 c5 14. d3 Qd5 15.
O-O Rfd8 16. Bc4 Qd7 17. Bxe6 Qxe6 18. Rd1 Rd5 19. e4 Rd7 20. Be3 Rad8 21. Rab1
Qa2 22. h3 h6 23. Rd2 Bd4 24. Rbd1 Qe6 25. b4 cxb4 26. axb4 a5 27. bxa5 bxa5 28.
Qc4 Qb6 29. Re2 Bxe3 30. fxe3 Rxd3 31. Rxd3 Qb1+ 32. Kh2 Qxd3 33. Qxd3 Rxd3 34.
Ra2 Rxe3 35. Rxa5 Rxe4 36. g4 g5 37. Kg3 Kg7 38. Ra6 Re3+ 39. Kg2 f6 40. Ra8 Rb3
41. Rc8 Rb4 42. Kg3 Ra4 43. Rb8 Ra7 44. Rc8 Kg6 45. Rg8+ Rg7 46. Rh8 Rh7 47.
Rg8+ Kf7 48. Ra8 h5 49. h4 gxh4+ 50. Kxh4 hxg4+ 51. Kxg4 1/2-1/2

[Event "Julius Baer Rapid Div 3 W"]
[Site "chess.com INT"]
[Date "2023.08.30"]
[Round "1.1"]
[White "Le, Tuan Minh"]
[Black "Bluebaum, Matthias"]
[Result "1/2-1/2"]
[WhiteTitle "GM"]
[BlackTitle "GM"]
[WhiteElo "2559"]
[BlackElo "2670"]
[WhiteFideId "12401153"]
[BlackFideId "24651516"]
[EventDate "2023.08.30"]
[EventType "k.o."]

1. d4 d5 2. c4 e6 3. Nf3 Nf6 4. Nc3 c5 5. cxd5 cxd4 6. Qxd4 exd5 7. Bg5 Be7 8.
e3 O-O 9. Be2 h6 10. Bh4 Nc6 11. Qd3 Be6 12. O-O Qb6 13. Qb5 Rfd8 14. Rfd1 Qxb5
15. Nxb5 Rac8 16. Rac1 a6 17. Nbd4 Nxd4 18. Nxd4 Rxc1 19. Rxc1 Rc8 20. Rxc8+
Bxc8 21. f3 Kf8 22. Kf1 Ne8 23. Be1 Bd6 24. Kf2 h5 25. h4 g6 26. Bc3 Ke7 27. Bd3
Nc7 28. g3 Ne6 29. Ne2 Bd7 30. Bc2 Bb5 31. Nd4 Nxd4 32. Bxd4 Bd7 33. a3 Be6 34.
e4 dxe4 35. Bxe4 b5 36. b4 Bc7 37. f4 a5 38. Bc5+ Kd7 39. Ke3 axb4 40. axb4 Bd8
41. Kd3 Bf6 42. Bd4 Be7 43. Kc3 Kc7 44. Be5+ Kd7 45. Bd4 Kc7 46. Be5+ Kd7 1/2-1/2

[Event "Julius Baer Rapid Div 3 W"]
[Site "chess.com INT"]
[Date "2023.08.30"]
[Round "1.1"]
[White "Flores, Diego"]
[Black "Maghsoodloo, Parham"]
[Result "1/2-1/2"]
[WhiteTitle "GM"]
[BlackTitle "GM"]
[WhiteElo "2534"]
[BlackElo "2707"]
[WhiteFideId "108049"]
[BlackFideId "12539929"]
[EventDate "2023.08.30"]
[EventType "k.o."]

1. Nf3 d5 2. c4 e6 3. g3 Nf6 4. Bg2 Be7 5. O-O O-O 6. b3 b6 7. Bb2 Bb7 8. e3
Nbd7 9. Nc3 c5 10. Qe2 Rc8 11. Rac1 a6 12. d4 dxc4 13. bxc4 cxd4 14. exd4 Re8
15. Nd1 b5 16. c5 Nd5 17. Ne3 Qc7 18. Rfe1 Bc6 19. Ne5 Nxe5 20. Nxd5 Bxd5 21.
Bxd5 exd5 22. Qxe5 Qc6 23. Qf5 g6 24. Qf3 Bf6 25. Bc3 b4 26. Bxb4 Bxd4 27. Red1
Re4 28. Bc3 Bxc3 29. Rxc3 d4 30. Rcd3 Qd5 31. Rxd4 Qxd4 32. Rxd4 Rxd4 33. Qb7
Rxc5 34. Qxa6 Rd1+ 35. Kg2 Rd2 36. a4 h5 37. Qb6 Rdd5 38. Qb8+ Kg7 39. Qb2+ Kg8
40. Qb8+ Kg7 41. Qb2+ Kh7 42. h3 Rf5 43. Qb6 Rc4 44. Qb3 Rc7 45. Qb6 Rc2 46. a5
Ra2 47. a6 Kg7 48. Qd4+ Kg8 49. Qd8+ Kh7 50. Qb6 Ra4 51. Qb7 Ra2 52. Qb6 1/2-1/2

[Event "Julius Baer Rapid Div 3 W"]
[Site "chess.com INT"]
[Date "2023.08.30"]
[Round "1.1"]
[White "Kuzubov, Yuriy"]
[Black "Giri, Anish"]
[Result "0-1"]
[WhiteTitle "GM"]
[BlackTitle "GM"]
[WhiteElo "2625"]
[BlackElo "2760"]
[WhiteFideId "14112906"]
[BlackFideId "24116068"]
[EventDate "2023.08.30"]
[EventType "k.o."]

1. d4 Nf6 2. Nf3 g6 3. Nbd2 Bg7 4. e4 O-O 5. Bd3 d5 6. e5 Nh5 7. Nb3 f6 8. exf6
exf6 9. O-O Nc6 10. c3 Qd6 11. Re1 b6 12. c4 dxc4 13. Bxc4+ Kh8 14. d5 Ne5 15.
Be2 Bb7 16. Nxe5 fxe5 17. Bxh5 gxh5 18. Qxh5 Qxd5 19. f3 Rae8 20. Nd2 Qd4+ 21.
Kh1 Qf2 22. Rg1 Qe2 23. Nf1 e4 24. Ng3 exf3 25. Nxe2 Rxe2 26. h3 fxg2+ 27. Kh2
Be5+ 28. Qxe5+ Rxe5 29. a4 h5 30. Ra3 Rf1 31. Re3 Rxe3 32. Bxe3 Kh7 33. a5 c5
34. h4 Kg6 35. axb6 axb6 36. Bg5 b5 37. Be7 c4 38. Bc5 Kf5 39. Kg3 Be4 40. Kh2
Kg4 41. Be7 Bd5 42. Bd8 Bc6 43. Be7 Bb7 44. Bd8 b4 45. Be7 c3 46. bxc3 bxc3 47.
Bb4 c2 48. Bd2 Rxg1 49. Kxg1 Kf3 0-1

[Event "Julius Baer Rapid Div 3 W"]
[Site "chess.com INT"]
[Date "2023.08.30"]
[Round "1.2"]
[White "Vokhidov, Shamsiddin"]
[Black "Daneshvar, Bardiya"]
[Result "1-0"]
[WhiteTitle "GM"]
[BlackTitle "GM"]
[WhiteElo "2578"]
[BlackElo "2581"]
[WhiteFideId "14204223"]
[BlackFideId "12576468"]
[EventDate "2023.08.30"]
[EventType "k.o."]

1. e4 c6 2. Nf3 d5 3. Nc3 dxe4 4. Nxe4 Nf6 5. Qe2 Nxe4 6. Qxe4 Qd5 7. Qf4 Qf5 8.
Qe3 Qxc2 9. Bd3 Qa4 10. b3 Qa5 11. Bb2 Na6 12. Bc3 Qb6 13. Bd4 c5 14. Bb2 f6 15.
O-O e6 16. Bc4 Be7 17. d4 Nb4 18. Rac1 Kf7 19. a3 Nd5 20. Qe4 cxd4 21. Rfe1 Nc3
22. Qxd4 Qxd4 23. Nxd4 b5 24. Bxe6+ Bxe6 25. Rxc3 Bd7 26. Rc7 Rhd8 27. Nc6 Bxc6
28. Rexe7+ Kg6 29. Rxg7+ Kh6 30. Bc1+ Kh5 31. g4+ Kh4 32. Rxc6 h5 33. Kg2 1-0

[Event "Julius Baer Rapid Div 3 W"]
[Site "chess.com INT"]
[Date "2023.08.30"]
[Round "1.2"]
[White "Ivic, Velimir"]
[Black "Kramnik, Vladimir"]
[Result "1/2-1/2"]
[WhiteTitle "GM"]
[BlackTitle "GM"]
[WhiteElo "2561"]
[BlackElo "2753"]
[WhiteFideId "950122"]
[BlackFideId "4101588"]
[EventDate "2023.08.30"]
[EventType "k.o."]

1. e4 e5 2. Nf3 Nc6 3. Bb5 Nf6 4. d3 Bc5 5. Bxc6 dxc6 6. Nbd2 Nd7 7. Nc4 f6 8.
Be3 O-O 9. O-O a5 10. a4 Re8 11. Kh1 Bf8 12. Nh4 Nc5 13. Nf5 Bxf5 14. exf5 e4
15. d4 Nxa4 16. Rxa4 b5 17. Rxa5 bxc4 18. Qd2 Rxa5 19. Qxa5 Qd5 20. Qxc7 Bd6 21.
Qd7 Ra8 22. g4 h6 23. Kg2 Bf8 24. Qe6+ Qxe6 25. fxe6 Bd6 26. Re1 Ra2 27. Bc1 c3
28. bxc3 Rxc2 29. Be3 Kf8 30. Ra1 g5 31. Ra7 Ke8 32. Rd7 Bf4 33. Kf1 Rxc3 34.
Ke2 Bxe3 35. fxe3 Rc2+ 36. Kd1 Rxh2 37. Rc7 Rh1+ 38. Kd2 Rh2+ 39. Kc3 Rh1 40.
Kb4 Rc1 41. Rf7 Rc2 42. Rxf6 Ke7 43. Rxh6 Re2 44. Kc5 Rc2+ 45. Kb6 Rc3 46. Kc7
Rxe3 47. Kxc6 Ra3 48. Kd5 e3 49. Rh7+ Ke8 50. Kd6 Ra6+ 51. Ke5 e2 52. Rh8+ Ke7
53. Rh7+ Ke8 54. Rh1 Ra3 55. Re1 Re3+ 56. Kd6 Kd8 57. d5 Re4 58. Rh1 Kc8 59.
Rc1+ Kd8 60. Ra1 Kc8 61. Re1 Kd8 62. Rb1 Kc8 63. Rc1+ Kd8 64. Re1 Re3 65. Ra1
Kc8 66. Rc1+ Kd8 67. Rb1 Kc8 68. Re1 Kd8 69. Kc5 Re4 70. Kc6 Ke7 71. Kc5 Re5 72.
Kd4 Kd6 73. Kd3 Kxd5 74. Rxe2 Rxe2 75. Kxe2 Kxe6 76. Ke3 1/2-1/2

[Event "Julius Baer Rapid Div 3 W"]
[Site "chess.com INT"]
[Date "2023.08.30"]
[Round "1.2"]
[White "Ter-Sahakyan, Samvel"]
[Black "Pichot, Alan"]
[Result "1-0"]
[WhiteTitle "GM"]
[BlackTitle "GM"]
[WhiteElo "2614"]
[BlackElo "2648"]
[WhiteFideId "13302531"]
[BlackFideId "110973"]
[EventDate "2023.08.30"]
[EventType "k.o."]

1. e4 e5 2. Nf3 Nc6 3. Bb5 a6 4. Ba4 Nf6 5. O-O b5 6. Bb3 Bc5 7. c3 d6 8. a4 Rb8
9. d4 Bb6 10. a5 Ba7 11. Be3 Bg4 12. Nbd2 O-O 13. h3 Bh5 14. Qe1 Re8 15. dxe5
Bxe3 16. Qxe3 dxe5 17. Nh4 Nd7 18. Nf5 Qf6 19. g4 Bg6 20. g5 Qd8 21. Ng3 Nf8 22.
h4 h5 23. Nf3 Qd7 24. Qc5 Qd6 25. Qxd6 cxd6 26. Rfd1 Rbd8 27. Nd2 Ne6 28. Ndf1
Nc5 29. Bc2 b4 30. Ne3 b3 31. Bd3 Ne7 32. Bc4 Nxe4 33. Bxa6 Nc5 34. Bb5 Rf8 35.
Bc4 Rd7 36. Ne2 Ra8 37. Nd5 Nxd5 38. Bxd5 Ra6 39. Bc4 Ra8 40. Ra3 Be4 41. Ng3
Bf3 42. Re1 Rda7 43. Nf5 Rxa5 44. Rxa5 Rxa5 45. Nxd6 e4 46. Nxf7 Ra2 47. Ne5+
Kf8 48. Nxf3 exf3 49. Re5 Nd7 50. Rf5+ Ke7 51. Bxb3 Rxb2 52. Bd5 Rc2 53. Rf7+
Kd6 54. c4 Ne5 55. Rxg7 Rc1+ 56. Kh2 Rf1 57. Kg3 Rg1+ 58. Kf4 Rf1 59. Rh7 Ng6+
60. Kxf3 Nxh4+ 61. Ke2 Rg1 62. Rxh5 Nf5 63. Kf3 Ke5 64. g6 Kf6 65. Be4 Nd4+ 66.
Ke3 Ne6 67. Rh7 Ng5 68. Rh4 Re1+ 69. Kd3 Rd1+ 70. Kc3 Rf1 71. Rf4+ Kg7 72. Bd3
Re1 73. Rf5 Kh6 74. f4 Ne6 75. Rf7 Ng7 76. f5 Rf1 77. c5 Ne8 78. Bxf1 1-0

[Event "Julius Baer Rapid Div 3 W"]
[Site "chess.com INT"]
[Date "2023.08.30"]
[Round "1.2"]
[White "Sargsyan, Shant"]
[Black "Sevian, Samuel"]
[Result "1/2-1/2"]
[WhiteTitle "GM"]
[BlackTitle "GM"]
[WhiteElo "2631"]
[BlackElo "2698"]
[WhiteFideId "13306766"]
[BlackFideId "2040506"]
[EventDate "2023.08.30"]
[EventType "k.o."]

1. d4 Nf6 2. c4 e6 3. Nf3 d5 4. Nc3 Bb4 5. cxd5 exd5 6. Bg5 h6 7. Bh4 O-O 8. e3
Bf5 9. Be2 Nbd7 10. Qb3 Bxc3+ 11. Qxc3 g5 12. Bg3 Ne4 13. Qa3 Re8 14. Rc1 c6 15.
Nd2 Nxg3 16. hxg3 Kg7 17. g4 Bg6 18. Nf1 Nf6 19. Ng3 1/2-1/2

[Event "Julius Baer Rapid Div 3 W"]
[Site "chess.com INT"]
[Date "2023.08.30"]
[Round "1.2"]
[White "Salinas Herrera, Pablo"]
[Black "Gledura, Benjamin"]
[Result "1-0"]
[WhiteTitle "GM"]
[BlackTitle "GM"]
[WhiteElo "2460"]
[BlackElo "2633"]
[WhiteFideId "3407128"]
[BlackFideId "712779"]
[EventDate "2023.08.30"]
[EventType "k.o."]

1. e4 e5 2. Nf3 Nc6 3. Bb5 a6 4. Ba4 Nf6 5. Nc3 Be7 6. Bxc6 dxc6 7. d3 Bd6 8.
O-O Bg4 9. h3 Bh5 10. Qe2 Qd7 11. Qe3 b6 12. Nh4 O-O-O 13. Nf5 Bf8 14. Qg3 Re8
15. Nxg7 Bxg7 16. Qxg7 Qe6 17. Bg5 Ng4 18. hxg4 Reg8 19. Qf6 Qxg4 20. f3 Qxg5
21. Qxg5 Rxg5 22. Kf2 Rhg8 23. Rg1 f6 24. Nd1 Bf7 25. Ne3 h5 26. Rh1 Kd7 27.
Rag1 a5 28. a3 a4 29. g3 b5 30. f4 R5g7 31. Rg2 c5 32. Nf5 Rh7 33. Rh4 b4 34.
Kf3 Be6 35. Ne3 Kd6 36. Ke2 Bg4+ 37. Kd2 Be6 38. Rhh2 Kc6 39. f5 Bf7 40. g4 Rhg7
41. gxh5 Rxg2+ 42. Nxg2 Bxh5 43. Ne3 Bf3 44. Rh3 Bg2 45. Rh6 Bf3 46. Rxf6+ Kb5
47. Nd5 c6 48. c4+ Ka5 49. Rxc6 Rg2+ 50. Ke3 Bd1 51. Rxc5+ Ka6 52. Nxb4+ Kb6 53.
Rxe5 1-0

[Event "Julius Baer Rapid Div 3 W"]
[Site "chess.com INT"]
[Date "2023.08.30"]
[Round "1.2"]
[White "Bluebaum, Matthias"]
[Black "Le, Tuan Minh"]
[Result "1/2-1/2"]
[WhiteTitle "GM"]
[BlackTitle "GM"]
[WhiteElo "2670"]
[BlackElo "2559"]
[WhiteFideId "24651516"]
[BlackFideId "12401153"]
[EventDate "2023.08.30"]
[EventType "k.o."]

1. d4 d5 2. c4 c6 3. Nf3 Nf6 4. Qc2 a6 5. g3 g6 6. Bg2 Bf5 7. Qb3 b5 8. cxd5
cxd5 9. O-O Nc6 10. Nc3 Rc8 11. Bg5 Ne4 12. Nxe4 Bxe4 13. Rac1 h6 14. Bh3 hxg5
15. Bxc8 Qxc8 16. Qc3 Bxf3 17. exf3 Kd7 18. Rc2 Bg7 19. Qc5 Qc7 20. Rfc1 Rc8 21.
Qxd5+ Qd6 22. Qxf7 Bxd4 23. Kg2 Ne5 24. Qb3 Rxc2 25. Qxc2 Ke8 26. Qe4 Bxb2 27.
Rc8+ Kf7 28. h4 Qd3 29. Qa8 gxh4 30. Rf8+ Kg7 31. Rg8+ Kf7 32. Rf8+ Kg7 33. Rg8+
Kf7 34. Rf8+ 1/2-1/2

[Event "Julius Baer Rapid Div 3 W"]
[Site "chess.com INT"]
[Date "2023.08.30"]
[Round "1.2"]
[White "Mamedyarov, Shakhriyar"]
[Black "Bortnyk, Olexandr"]
[Result "1/2-1/2"]
[WhiteTitle "GM"]
[BlackTitle "GM"]
[WhiteElo "2734"]
[BlackElo "2608"]
[WhiteFideId "13401319"]
[BlackFideId "14120828"]
[EventDate "2023.08.30"]
[EventType "k.o."]

1. d4 d6 2. Nf3 Nf6 3. g3 g6 4. Bg2 Bg7 5. O-O O-O 6. c4 Bf5 7. Nh4 Be4 8. Nf3
Bf5 9. Nh4 Bxb1 10. Rxb1 c6 11. Nf3 Nbd7 12. b4 d5 13. Qc2 Ne4 14. Rd1 Nb6 15.
Ne5 f5 16. f3 Nf6 17. c5 Nbd7 18. f4 a6 19. a4 Ne4 20. b5 axb5 21. axb5 Nxe5 22.
fxe5 Qa5 23. Bxe4 fxe4 24. Bg5 e6 25. bxc6 bxc6 26. Rf1 Rfb8 27. e3 Rxb1 28.
Qxb1 h6 29. Bf6 Bxf6 30. exf6 Qa7 31. Qd1 Qa3 32. f7+ Kf8 33. Qe2 Qc3 34. Qf2
Ra1 35. Qf4 Rxf1+ 36. Kxf1 Qc1+ 37. Kg2 Qd2+ 38. Kh3 g5 39. Qd6+ Kxf7 40. Qd7+
Kf6 41. Qd8+ Kg6 42. Qg8+ Kf6 43. Qf8+ Kg6 44. Qg8+ Kf6 45. Qf8+ Kg6 46. Qg8+ 1/2-1/2